Top 10 Players in NBA History - Statistics

General Stats
  • This quiz has been taken 95 times
  • The average score is 9 of 10
Answer Stats
Ranking Answer % Correct
1 Michael Jordan
100%
2 LeBron James
97%
3 Kareem Abdul-Jabbar
93%
7 Kobe Bryant
92%
5 Magic Johnson
92%
8 Larry Bird
91%
9 Shaquille O’Neal
91%
4 Wilt Chamberlain
85%
10 Tim Duncan
80%
6 Bill Russell
76%
No matching quizzes found
Score Distribution
Percent of People with Each Score
Percentile by Number Answered
Your Score History
You have not taken this quiz